[Event "POL-chT 3rd League Wielkopolska 12/13"]
[Site "Poznan"]
[Date "2013.02.24"]
[Round "8.5"]
[White "Krygier, Ireneusz"]
[Black "Sobierska, Wioletta"]
[Result "1-0"]
[WhiteElo "1930"]
[BlackElo "2000"]
[PlyCount "81"]
[EventDate "2012.11.25"]
[EventType "team-tourn"]
[EventRounds "11"]
[EventCountry "POL"]
[SourceTitle "EXT 2014"]
[Source "ChessBase"]
[SourceDate "2013.11.20"]
[SourceVersion "1"]
[SourceVersionDate "2013.11.20"]
[SourceQuality "1"]
[WhiteTeam "Gniezno LKS Chrobry II"]
[BlackTeam "Jarocin JKSW"]
[WhiteTeamCountry "POL"]
[BlackTeamCountry "POL"]

1. d4 d5 2. c4 e6 3. Nc3 Nf6 4. cxd5 exd5 5. Bg5 Be7 6. Qc2 Nc6 7. e3 h6 8. Bxf6 Bxf6 9. Bb5 Qd6 10. Nge2 0-0 11. a3 a6 12. Bd3 Re8 13. 0-0 Be6 14. Ng3 Rac8 15. Rae1 Nd8 16. Nh5 Be7 17. f4 Bg4 18. Ng3 c5 19. Bf5 Bxf5 20. Qxf5 Ne6 21. Nxd5 cxd4 22. exd4 Bf8 23. Ne4 Qd8 24. Nef6+ gxf6 25. Nxf6+ Kg7 26. Nxe8+ Qxe8 27. d5 Qb5 28. Qg4+ Kh7 29. dxe6 fxe6 30. Qxe6 Bc5+ 31. Kh1 Rg8 32. Qe4+ Kh8 33. b4 Bf8 34. Qe5+ Bg7 35. Qxb5 axb5 36. Re7 b6 37. f5 Bb2 38. f6 Bxa3 39. Rf4 Bc1 40. Rfe4 Bd2 41. Re8 1-0

[Event "POL-chT 3rd League Wielkopolska 12/13"]
[Site "Poznan"]
[Date "2013.02.24"]
[Round "9.11"]
[White "Miedzinski, Wiktor"]
[Black "Krygier, Ireneusz"]
[Result "0-1"]
[WhiteElo "1409"]
[BlackElo "1930"]
[PlyCount "42"]
[EventDate "2012.11.25"]
[EventType "team-tourn"]
[EventRounds "11"]
[EventCountry "POL"]
[SourceTitle "EXT 2014"]
[Source "ChessBase"]
[SourceDate "2013.11.20"]
[SourceVersion "1"]
[SourceVersionDate "2013.11.20"]
[SourceQuality "1"]
[WhiteTeam "Rawicz Korona Rawbud"]
[BlackTeam "Gniezno LKS Chrobry II"]
[WhiteTeamCountry "POL"]
[BlackTeamCountry "POL"]

1. e4 c5 2. Nf3 d6 3. d4 cxd4 4. Nxd4 Nf6 5. Nc3 g6 6. Be3 Bg7 7. f3 0-0 8. Qd2 Nc6 9. g4 Nxd4 10. Bxd4 Be6 11. h4 h5 12. Bxf6 Bxf6 13. gxh5 Qb6 14. 0-0-0 Rac8 15. Na4 Qc6 16. b3 Be5 17. Bd3 b5 18. Nb2 Qa6 19. Kb1 Bc3 20. Qg2 Qa3 21. Nc4 bxc4 0-1

[Event "POL-chT4B 0910"]
[Site "Wielkoposka"]
[Date "2010.03.07"]
[Round "6"]
[White "Krygier, Ireneusz"]
[Black "Cenkier, Robert"]
[Result "0-1"]
[WhiteElo "1951"]
[BlackElo "1972"]
[PlyCount "90"]
[EventDate "2010.01.10"]
[EventType "team-tourn"]
[EventRounds "9"]
[EventCountry "POL"]
[SourceTitle "EXT 2019"]
[Source "ChessBase"]
[SourceDate "2018.10.10"]
[SourceVersion "1"]
[SourceVersionDate "2018.10.10"]
[SourceQuality "1"]
[WhiteTeam "Gniezno LKS Chrobry III"]
[BlackTeam "Jarocin JKSW"]
[WhiteTeamCountry "POL"]
[BlackTeamCountry "POL"]

1. d4 d5 2. c4 c6 3. Nf3 Nf6 4. Nc3 e6 5. cxd5 exd5 6. Bg5 Be7 7. e3 0-0 8. Bd3 Nbd7 9. Qc2 Re8 10. 0-0 h6 11. Bf4 Nf8 12. Ne5 Ne6 13. Bg3 Bd6 14. f4 a6 15. Bh4 Be7 16. Rf3 c5 17. Rg3 cxd4 18. exd4 Nxd4 19. Qf2 Nf5 20. Bxf6 Bxf6 21. Rf3 Nh4 22. Rg3 Nf5 23. Rf3 Nh4 24. Rg3 Bxe5 25. fxe5 Rxe5 26. Rf1 Be6 27. Ne2 Nf5 28. Rf3 Nd6 29. Nd4 Qe7 30. Nb3 Ne4 31. Qd4 f6 32. Re3 Bf7 33. Rfe1 Re8 34. Bxe4 Rxe4 35. Rxe4 dxe4 36. Nc5 f5 37. a4 Rd8 38. Qe3 Bd5 39. b4 Bc6 40. Rf1 Qe5 41. Qh3 Rf8 42. Qb3+ Kh8 43. Qc4 Bd5 44. Qe2 Qd4+ 45. Kh1 Bc4 0-1

[Event "POL-chT4B 0910"]
[Site "Wielkoposka"]
[Date "2010.02.07"]
[Round "3"]
[White "Krygier, Ireneusz"]
[Black "Zimny, Piotr"]
[Result "0-1"]
[WhiteElo "1951"]
[BlackElo "1738"]
[PlyCount "80"]
[EventDate "2010.01.10"]
[EventType "team-tourn"]
[EventRounds "9"]
[EventCountry "POL"]
[SourceTitle "EXT 2019"]
[Source "ChessBase"]
[SourceDate "2018.10.10"]
[SourceVersion "1"]
[SourceVersionDate "2018.10.10"]
[SourceQuality "1"]
[WhiteTeam "Gniezno LKS Chrobry III"]
[BlackTeam "Ostrow Wielkopolski II"]
[WhiteTeamCountry "POL"]
[BlackTeamCountry "POL"]

1. d4 Nf6 2. c4 c5 3. d5 b5 4. cxb5 a6 5. b6 g6 6. Nc3 d6 7. e4 Bg7 8. Nf3 Nbd7 9. a4 Qxb6 10. Be2 0-0 11. 0-0 Bb7 12. a5 Qc7 13. Bf4 Nh5 14. Bg5 Rfe8 15. Nd2 Nhf6 16. Nc4 e6 17. Bf4 Ne5 18. Nxe5 dxe5 19. d6 Qc6 20. Bxe5 Nxe4 21. Bf3 Bxe5 22. Nxe4 Qb5 23. d7 Red8 24. Qa4 Qxa4 25. Rxa4 Bxe4 26. Rxe4 Bxb2 27. Re2 Rab8 28. Rb1 Bd4 29. Rb6 c4 30. Rb7 c3 31. Re1 Rxb7 32. Bxb7 Rxd7 33. Bxa6 Ra7 34. Bd3 Rxa5 35. Rc1 Ra2 36. Bc2 Bc5 37. Kf1 Kg7 38. Ke1 Ba3 39. Bb3 Rb2 40. Rxc3 Bb4 0-1

[Event "Gniezno-ch Final-A"]
[Site "Gniezno"]
[Date "2008.11.08"]
[Round "2"]
[White "Kaluzny, Lukasz"]
[Black "Krygier, Ireneusz"]
[Result "1-0"]
[WhiteElo "2054"]
[BlackElo "1996"]
[PlyCount "78"]
[EventDate "2008.11.07"]
[EventType "swiss"]
[EventRounds "9"]
[EventCountry "POL"]
[SourceTitle "EXT 2023"]
[Source "ChessBase"]
[SourceDate "2022.10.05"]
[SourceVersion "1"]
[SourceVersionDate "2022.10.05"]
[SourceQuality "1"]

1. e4 c5 2. Nf3 d6 3. d4 cxd4 4. Nxd4 Nf6 5. Nc3 g6 6. Be3 Bg7 7. f3 Nc6 8. Bc4 0-0 9. Qd2 Bd7 10. 0-0-0 Rc8 11. Bb3 Ne5 12. h4 h5 13. Bh6 Nc4 14. Bxc4 Rxc4 15. Bxg7 Kxg7 16. Nb3 Qc7 17. g4 Be6 18. gxh5 Nxh5 19. Rdg1 Rc8 20. Rg5 f6 21. Rg2 Bf7 22. Rhg1 e5 23. Nd1 Nf4 24. Rh2 Ra4 25. Kb1 Bxb3 26. axb3 Rd4 27. Qc3 Qd7 28. Qe3 d5 29. Nc3 dxe4 30. fxe4 b5 31. Rhh1 Qc6 32. Rc1 b4 33. Nd5 Nxd5 34. exd5 Qxd5 35. h5 g5 36. Qh3 Qd7 37. Qf1 f5 38. Qh3 Kh6 39. Qe3 Qd5 1-0